Languages by Religion in Greater Toronto - Statistics

General Stats
  • This quiz has been taken 155 times
    135 since last reset
  • The average score is 64 of 98
Answer Stats
Number of Language % Correct
34,070 Arabic
96%
46,835 Arabic
96%
3,000 Arabic
96%
49,865 Russian
96%
24,930 Russian
96%
47,180 Hindi
94%
3,425 Punjabi
94%
8,560 Punjabi
94%
159,245 Punjabi
94%
113,850 Spanish
94%
45,415 Mandarin
93%
56,770 Mandarin
93%
20,600 German
91%
136,275 Italian
90%
93,875 Portuguese
90%
44,005 Korean
89%
2,750 Korean
89%
62,875 Polish
89%
3,980 Malay
87%
10,065 Persian
87%
80,510 Persian
87%
1,000 Persian
87%
122,500 Tagalog
87%
128,845 Urdu
87%
49,540 Cantonese
86%
61,925 Cantonese
86%
21,240 Ukrainian
86%
9,350 Hebrew
84%
1,450 Japanese
84%
2,895 Japanese
84%
32,875 Tamil
83%
65,750 Tamil
83%
12,000 Vietnamese
81%
19,200 Vietnamese
81%
26,825 Bengali
79%
10,735 Bengali
79%
22,565 Romanian
79%
1,640 Thai
79%
13,700 Turkish
79%
4,290 Dutch
77%
37,100 Greek
77%
19,280 Serbian
77%
6,250 Bulgarian
70%
14,870 Croatian
70%
3,090 Khmer
70%
4,215 Nepali
70%
8,565 Telugu
70%
1,005 Burmese
69%
1,255 Danish
69%
4,735 Slovak
69%
1,280 Gujarati
67%
5,130 Gujarati
67%
57,705 Gujarati
67%
2,045 Lao
67%
5,305 Albanian
64%
7,955 Albanian
64%
3,335 Slovene
64%
1,605 Swahili
63%
1,610 Swahili
63%
1,060 Wu
63%
1,320 Wu
63%
2,750 Bosnian
61%
15,305 Hungarian
61%
1,370 Igbo
60%
4,465 Marathi
60%
7,685 Pashto
60%
11,315 Armenian
59%
1,615 Azerbaijani
59%
7,860 Sinhala
59%
1,805 Latvian
57%
2,550 Lithuanian
56%
7,460 Amharic
54%
2,010 Finnish
54%
1,000 Georgian
54%
2,025 Kannada
54%
10,810 Macedonian
54%
3,040 Yoruba
54%
13,125 Somali
53%
9,400 Malayalam
50%
2,505 Malayalam
50%
2,315 Min Nan
49%
2,895 Min Nan
49%
3,355 Yiddish
49%
2,775 Kurdish
41%
5,220 Sindhi
39%
1,300 Hakka
37%
1,625 Hakka
37%
3,170 Maltese
31%
4,875 Tibetan
24%
4,570 Cebuano
21%
8,475 Ilocano
17%
12,040 Aramaic
14%
1,940 Konkani
13%
7,640 Akan
7%
2,090 Hiligaynon
4%
1,020 Edo
3%
4,725 Tigrigna
3%
1,175 Pampangan
1%
No matching quizzes found
Score Distribution
Percent of People with Each Score
Percentile by Number Answered
Your Score History
You have not taken this quiz since the last reset